000 00570nam a2200205Ia 4500
005 20250508161952.0
008 008 250505s9999 xx 000 0 eng d
020 _a0-7100-0283-1
037 _aTextual
040 _aFEDL
_beng
_cFEDL
041 _aeng
_2eng
084 _a370.1, WIL
_qFEDL
100 _aWilson John
245 0 _aPreface to the philosophy of education
260 _aLondon, UK
_bRoutledge and Kegan Paul
_c1979
300 _ax,248p
650 _aEducation - Philosophy
942 _cTEXL
_h370.1, WIL
999 _c1373564
_d1373564